Systémové modely řízení organizací - geneze, trendy

Otázky zabezpečenia efektívnosti organizácie a systémové modely organizácií. Variabilita a dynamika rozvoja systémových modelov riadenia organizácií. Historický pohľad na etapy vývoja systémových modelov riadenia organizácií.

Guardado en:
Detalles Bibliográficos
Autor principal: Mačina, Tomáš
Formato: Capítulo de libro
Lenguaje:checo
Materias:
Etiquetas: Agregar Etiqueta
Sin Etiquetas, Sea el primero en etiquetar este registro!

MARC

LEADER 00000naa$a2200000$$$4500
001 0020472
005 20231106121714.0
041 0 |a cze 
044 |a CZ 
245 1 0 |a Systémové modely řízení organizací - geneze, trendy  |c Tomáš Mačina 
520 |a Otázky zabezpečenia efektívnosti organizácie a systémové modely organizácií. Variabilita a dynamika rozvoja systémových modelov riadenia organizácií. Historický pohľad na etapy vývoja systémových modelov riadenia organizácií. 
610 2 0 |a riadenie systémové 
610 2 0 |a organizácie 
610 2 0 |a modely riadenia 
610 2 0 |a história 
610 2 0 |a riadenie podnikové 
610 2 0 |a prostredie ekonomické 
100 1 |a Mačina, Tomáš